| 000 | 00576cab a22002055a 4500 | ||
|---|---|---|---|
| 001 | L150044 | ||
| 008 | 100525s2010 xxkd f 000 0 eng d | ||
| 035 | _a(Sirsi) u150044 | ||
| 041 | 0 | _aeng | |
| 100 | 1 | _aBarnett, Neil | |
| 110 | 2 | _aArchitects' Journal | |
| 245 | 0 | 0 |
_aCosts _btimber |
| 260 | _c2010 | ||
| 490 | 0 |
_aArchitects' Journal _vMay 2010, 34(1) |
|
| 520 | _aCosts for timber, joinery and related products for April 2010 at UK mean location. | ||
| 590 | _aKA | ||
| 651 | 4 |
_aEngland and Wales _y1543- |
|
| 690 | _aBUILT ENVIRONMENT-BUILDING COSTS | ||
| 942 | _n0 | ||
| 999 |
_c82366 _d82366 |
||